Statistiques concernant Rappeurs américains par photos #2

Cliquez ici pour prendre le quiz!

Statistiques générales

  • Ce quiz a été pris 772 fois
  • Le résultat moyen est 11 sur 20

Statistiques - réponses

Réponse% Correct
Pop Smoke
82%
Post Malone
80%
A$AP Rocky
75%
Mac Miller
75%
Kendrick Lamar
74%
6ix9ine
73%
Juice Wrld
68%
21 Savage
64%
Future
63%
Offset
60%
Lil Peep
55%
Lil Baby
53%
Rick Ross
45%
Young Thug
41%
Kid Cudi
39%
French Montana
37%
Gucci Mane
26%
Andre 3000
20%
2 Chainz
11%
Busta Rhymes
11%

Distribution des résultats

Percentile par nombre de réponses

% des personnes avec chaque résultat

Votre développement - résultats

Vous n’avez pas pris ce quiz